|
|
|
|
| LEADER |
00000cam a2200000 7i4500 |
| 001 |
0000004098 |
| 005 |
20151222.0 |
| 008 |
070724 |
| 020 |
|
|
|a 9833266193(set)
|
| 020 |
|
|
|a 9833266258
|
| 090 |
0 |
0 |
|a JF
|b MOR MAL (5137)
|
| 100 |
0 |
|
|a Noor Risma Salfina Muhamad Rozali
|
| 245 |
1 |
0 |
|a Peniaga yang jujur
|c Noor Risma Salfina Muhamad Rozali
|
| 260 |
|
|
|a Selangor :
|b Pintar firus ,
|c 2006
|
| 440 |
|
|
|a Siri tanggungjawab sosial
|
| 500 |
|
|
|a Children ages 7-9 years old (orange)
|
| 650 |
|
0 |
|a Readers
|x Moral
|
| 999 |
|
|
|a 0000973012
|b Book
|c Children Collection
|e Cawangan Bukit Gambir
|
| 999 |
|
|
|a 0000973014
|b Book
|c Children Collection
|e Cawangan Sri Merlong
|
| 999 |
|
|
|a 0000973015
|b Book
|c Children Collection
|e Perbadanan Perpustakaan Awam Johor
|
| 999 |
|
|
|a 0000973016
|b Book
|c Children Collection
|e Perbadanan Perpustakaan Awam Johor
|
| 999 |
|
|
|a 0001011363
|b Book
|c Children Collection
|e Cawangan Bandar Penawar
|
| 999 |
|
|
|a 0001011365
|b Book
|c Children Collection
|e Cawangan Tmn. Ungku Tun Aminah
|